LEADER 00725cam0-2200253 --450 001 9910853093203321 005 20240521123607.0 100 $a20191016d1916----km y0itay50 ba 101 0 $aita 102 $aIT 105 $aa 001yy 200 1 $aAnnuario statistico italiano$eanno 1915$fIstituto Centrale di Statistica 210 $aRoma$cTipografia nazionale Bertero$d1916 215 $aXXVI, 435 p.$cill.$d26 cm 610 0 $aAnnuari$aStatistica$aItalia 676 $a050$v23$zita 712 02$aIstat 801 0$aIT$bUNINA$gREICAT$2UNIMARC 901 $aBK 912 $a9910853093203321 952 $aA MIC 1469$b7311/2024$fFAGBC 959 $aFAGBC 996 $aAnnuario statistico italiano$956796 997 $aUNINA